000 00499nam a22001577a 4500
005 20251108170730.0
008 250721s1961 xx 000 0 eng d
082 1 4 _aR/510/NEW
100 1 _aNewman, James R.
245 1 4 _aThe world of mathematics :
_ba small library of the literature of mathematics from A'h-mose the scribe to Albert Einstein /
264 1 _aLondon :
_bGeorge Allen & unwin Ltd.,
_c1961.
300 _a4vol : ill
650 1 7 _aMathematics
942 _2ddc
_cBK
999 _c47694
_d47694